Optimalizácia procesu výroby klietok valivých ložísk

Saved in:
Bibliographic Details
Main Author: Mošať, Marek, 1981- (Author)
Other Authors: Šugárová, Jana, 1970- (Thesis advisor)
Format: Manuscript Book
Language:Slovak
Published: STU v Bratislave MTF UVTE KT, 2010
Subjects:
Online Access:VAIS
Tags: Add Tag
No Tags, Be the first to tag this record!

MARC

LEADER 00000ntm a22000003a 4500
001 stu206288
005 20160719160233.0
008 100702s2010------------------------slo-d
040 |a STU  |b slo 
041 0 |a slo 
100 1 |a Mošať, Marek,  |d 1981-  |4 aut  |X 31521  |7 A000031521 
242 0 0 |a Optimization of Roller Bearing Cage Production  |y eng 
245 1 |a Optimalizácia procesu výroby klietok valivých ložísk 
260 |b STU v Bratislave MTF UVTE KT,  |c 2010 
650 7 |a bearing  |2 estusub 
650 7 |a optimization  |2 estusub 
650 7 |a optimalizácia  |2 stusub 
700 1 |a Šugárová, Jana,  |d 1970-  |4 ths  |u M3000  |U MTF Materiálovotechnologická fakulta  |T MTF Ústav výrobných technológií  |X 54646  |U M3000  |Y 83  |7 A000054646 
856 4 |a info a plný text  |u http://is.stuba.sk/zp/portal_zp.pl?podrobnosti=58655  |3 VAIS 
996 |c M*DP-9019  |l MMSKP  |s P  |a 0  |w stu206288_0001